La tienda en la calle Mayor = Obchod na korze /

La novena y más conocida de las diez películas codirigidas por Ján Kadár (1918-1979) y Elmar Klos (1910-1993), cineastas de orígenes húngaro y checo nacidos en el antiguo Imperio austro-húngaro, quienes desarrollaron su filmografía conjunta en la desaparecida Checoslovaquia. La acción ocurre durante...

Whakaahuatanga katoa

I tiakina i:
Ngā taipitopito rārangi puna kōrero
Kaituhi matua: Kadár, Ján (realización)
Ētahi atu kaituhi: Klos, Elmar (realización) (realización), Grosman, Ladislav (guión) (guión), Kadár, Ján (guión) (guión), Klos, Elmar (guión) (guión), Novotny, Vladimír (fotógrafo) (fotógrafo), Rosenfelderova, Marie (vestuario) (vestuario), Heringová, Diana (montaje) (montaje), Janácek, Jaromír (montaje) (montaje), Liska, Zdenek (música) (música), Kaminska, Ida (actuación) (actuación), Kroner, Jozef (actuación) (actuación), Slivková, Hana (actuación) (actuación), Kadár, Ján (texto) (texto), Pintor, Iván (texto del folleto) (texto del folleto)
Hōputu: Reti
Reo:Pāniora
I whakaputaina: Praga, República Checa : Filmové Studio Barrandov 1965, c1965
Rangatū:(Intermedio. Primavera de Praga)
Ngā marau:
Ngā Tūtohu: Tāpirihia he Tūtohu
Kāore He Tūtohu, Me noho koe te mea tuatahi ki te tūtohu i tēnei pūkete!

MARC

LEADER 00000ngm^a2200000^a^4500
001 000311492
005 20251020000000.0
009 20260310113046.592
037 |a Acervo ITESO - Biblioteca 
041 |a ESL 
082 |a 891. 86  |b KAD 
100 |a Kadár, Ján  |e (realización) 
240 1 4 |a [La tienda en la calle Mayor] 
240 1 1 |a [No los seis millones de personas, sino la una] 
245 1 3 |a La tienda en la calle Mayor =  |b Obchod na korze /  |c Realización de J. Kadár, E. Klos. 
264 4 |a Praga, República Checa :  |b Filmové Studio Barrandov  |c 1965, c1965 
264 2 |a Barcelona, España :  |b Prodimag [distribución],  |c 2005, c2005 
300 |a 1 DVD región 2 PAL (120 min.) :  |b blanco y negro +  |e 1 tríptico 
336 |a imagen móvil bidimensional  |b tdi  |2 rdacontenido 
337 |a video  |b v  |2 rdamedio 
338 |a videodisco  |b vd  |2 rdasoporte 
440 1 |a (Intermedio.  |p Primavera de Praga) 
520 |a La novena y más conocida de las diez películas codirigidas por Ján Kadár (1918-1979) y Elmar Klos (1910-1993), cineastas de orígenes húngaro y checo nacidos en el antiguo Imperio austro-húngaro, quienes desarrollaron su filmografía conjunta en la desaparecida Checoslovaquia. La acción ocurre durante la ocupación alemana en la Segunda Guerra Mundial, escenario donde un inepto campesino es comisionado por los invasores para controlar la botonería de una viuda judía, casi sorda, en el sector de Eslovaquia, como parte de las medidas tomadas por los nazis orientadas a expulsar a la población no aria. La anciana, inconsciente de su entorno, contrata al hombre, a quien cree un desempleado, y la extraña pareja desarrolla un afecto mutuo. El humor y la tragedia se funden en la exploración mordaz sobre la cobarde complicidad de un hombre, atrapado entre la avaricia y la culpa, con los horrores de un régimen totalitario. Aunque producida por los Estudios Barrandov de Praga, es el título más célebre hablado en eslovaco filmado durante el boom del cine checoslovaco de la década de 1960. 
520 |a Suplementos y características especiales (en checo, con subtítulos en español y en español): 1-4) Pantallas de texto con el artículo "No los seis millones de personas, sino la una", de Jan Kadár, publicado originalmente en el New York Herald Tribune el 23 de enero de 1966; ficha técnica y artística de la película; biografías de los directores, escritas por Iván Pintor y bibliografía con artículos y enlaces sobre La tienda en la calle mayor y la llamada Nueva Ola del cine checoslovaco; 5) Avances promocionales de Concurso (Milos Forman, 1963, 3 min.), Las margaritas (exhibida en México como Las pervertidas, Vera Chytilová, 1966, 3 min.), Iluminación íntima (Ivan Passer, 1965, 3 min.), la censurada Alondras en el alambre (exhibida en México como Alondras en un hilo, Jirí Menzel, 1969, 3 min.) y Mi dulce pueblecito (exhibida en México como Mi pueblito, Jirí Menzel, 1985, 3 min.), cinco títulos también pertenecientes a la serie La Primavera de Praga y 6) Tríptico con el texto La ceguera y la palabra, de Iván Pintor. 
546 |a En eslovaco e yddish, con subtítulos opcionales: español 
586 |a Premio Oscar, de la Academia Norteamericana de Cine (38°: 1965): Mejor Película en Lengua No Inglesa (ganadora, representante de Checoslovaquia) 
649 |a XX 
650 |a Judíos en Eslovaquia -  |x Historia -  |y Protectorado Alemán, 1939-1945 
650 |a Judíos en Checoslovaquia -  |x Historia -  |y Protectorado Alemán, 1939-1945 
650 |a Dramas Cinematográficos 
650 |a Nueva Ola Checoslovaca 
650 |a Cine en Blanco y Negro -  |z Checoslovaquia 
650 |a Cine en Eslovaco -  |z Checoslovaquia 
650 |a Cine Checoslovaco -  |y 1960-1969 
650 |a Cine Checoslovaco -  |y Siglo XX 
650 |a Avaricia y Ambición 
650 |a Culpa 
650 |a Antisemitismo -  |z Checoslovaquia -  |x Historia -  |y Protectorado Alemán, 1939-1945 
650 |a Colaboracionismo -  |z Checoslovaquia -  |x Historia -  |y Protectorado Alemán, 1939-1945 
650 |a Nazismo -  |z Checoslovaquia -  |x Historia -  |y Protectorado Alemán, 1939-1945 
650 |a Política -  |z Checoslovaquia -  |x Historia -  |y Protectorado Alemán, 1939-1945 
650 |a Eslovaquia -  |x Historia -  |y Protectorado Alemán, 1939-1945 -  |x Tema Principal 
650 |a Checoslovaquia -  |x Historia -  |y Protectorado Alemán, 1939-1945 
650 |a Checoslovaquia -  |x Historia -  |y 1918-1992 
650 |a Checoslovaquia -  |x Historia -  |y Siglo XX 
650 |a Guerra Mundial (Segunda), 1939-1945 -  |x Historia -  |x Tema Principal 
700 |a Klos, Elmar  |e (realización) 
700 |a Grosman, Ladislav  |e (guión) 
700 |a Kadár, Ján  |e (guión) 
700 |a Klos, Elmar  |e (guión) 
700 |a Novotny, Vladimír  |e (fotógrafo) 
700 |a Rosenfelderova, Marie  |e (vestuario) 
700 |a Heringová, Diana  |e (montaje) 
700 |a Janácek, Jaromír  |e (montaje) 
700 |a Liska, Zdenek  |e (música) 
700 |a Kaminska, Ida  |e (actuación) 
700 |a Kroner, Jozef  |e (actuación) 
700 |a Slivková, Hana  |e (actuación) 
700 |a Kadár, Ján  |e (texto) 
700 |a Pintor, Iván  |e (texto del folleto) 
740 0 |a No los seis millones de personas, sino la una /  |c Texto de J. Kadár. 
740 3 |a La ceguera y la palabra /  |c Texto del folleto de I. Pintor. 
910 |a Fondo General 
920 |a Audiovisuales - DVDs 
940 |a Películas 
905 |a 308 
901 |a 0500196909  |b IT2  |c DVR  |i C115927  |u 20250521 
901 |a 0500196910  |b IT2  |c MIN  |u 20251020 
902 |a https://opac.biblio.iteso.mx/vufind/Record/000311492